000 00577nam a2200205Ia 4500
005 20250508150804.0
008 008 250505s9999 xx 000 0 eng d
020 _a81-250-3233-9
037 _aTextual
040 _aFEDL
_beng
_cFEDL
041 _aeng
_2eng
084 _a746.47, AGU
_qFEDL
100 _aAgutter Margaret
_9757647
245 0 _aModern patchwork
260 _aLondon, UK
_bSir Isaac Pitman and Sons Ltd
_c1949
300 _aviii,56p
490 _aPitman's craft for all series
942 _cTEXL
_h746.47, AGU
999 _c1325679
_d1325679